| 000 | 01751nam a22003017a 4500 | ||
|---|---|---|---|
| 001 | 4849 | ||
| 003 | FISKH | ||
| 005 | 20241017155202.0 | ||
| 008 | 241017b cb ||||| |||| 00| 0 eng d | ||
| 020 | _a9780194236706 | ||
| 040 |
_aFISKH _beng _cFISKH _dFISKH |
||
| 050 | _aN6923.L33 | ||
| 082 | _a709.2 | ||
| 100 | _aRaynham, Alex | ||
| 245 |
_aLeonardo Da Vinci / _cLeonardo Da Vinci |
||
| 250 | _aFirst Published 2013 | ||
| 260 |
_aNew York : _bOxford University Press ; _c2013. |
||
| 300 |
_a56 pages : _bcolor illustrations ; _c22 cm . |
||
| 490 |
_aOxford Bookworms _vStage 2 |
||
| 505 | _aV | ||
| 520 | _a'What does the world look like from the moon?' 'How do our bodies work?' 'Is it possible for people to fly?' 'Can I make a horse of bronze that is 8 metres tall?' 'How can we have cleaner cities?'All his life, Leonardo da Vinci asked questions. We know him as a great artist, but he was one of the great thinkers of all time, and even today, doctors and scientists are still learning from his ideas. Meet the man who made a robot lion, wrote backwards, and tried to win a war by moving a river .. .Oxford Bookworms enjoy a world-wide reputation for high-quality storytelling and a great reading experience.Research shows reading a lot improves all your language skills.Experts recognize Oxford Bookworms as the most consistent series in terms of language control, length, and quality of story - very important for fluent reading and extensive reading.There's a wide choice of titles too - something for everyone. | ||
| 521 | 8 |
_a860
_bLexile |
|
| 521 | 8 |
_aV
_bRaz-Plus |
|
| 650 |
_afamous painter _vnon-fiction |
||
| 700 |
_aLindop, Christine _eFactfiles Seried Editor |
||
| 942 |
_2ddc _cBK _n0 |
||
| 999 |
_c4849 _d4849 |
||